Search the Library Catalogue
| 000 -LEADER | |
|---|---|
| fixed length control field | 01566nam a2200181Ia 4500 |
| 008 - FIXED-LENGTH DATA ELEMENTS--GENERAL INFORMATION | |
| fixed length control field | 260302s9999 xx 000 0 und d |
| 020 ## - INTERNATIONAL STANDARD BOOK NUMBER | |
| ISBN | 9780792335009 |
| 082 ## - DEWEY DECIMAL CLASSIFICATION NUMBER | |
| Classification number | 338.9 |
| Item number | LEN |
| 100 ## - MAIN ENTRY--AUTHOR NAME | |
| Personal name | Lemons, J. |
| 245 #0 - TITLE STATEMENT | |
| Title | Sustainable Development: Science, Ethics, and Public Policy / |
| Statement of responsibility, etc | Lemons, J.; Brown, Donald A. |
| 260 ## - PUBLICATION, DISTRIBUTION, ETC. (IMPRINT) | |
| Name of publisher | Springer, |
| Year of publication | 1995 |
| 300 ## - PHYSICAL DESCRIPTION | |
| Number of Pages | 284 pages |
| 520 ## - SUMMARY, ETC. | |
| Summary, etc | Of all the books written about the problems of sustainable development and environmental protection, Sustainable Development: Science, Ethics, and Public Policy is one of the first to examine the role of science, economics and law, and ethics as generally applied to decision making on sustainable development, particularly in respect to the recommendations contained in Agenda 21. Specifically, the book examines the role, capabilities, and certain strengths and weaknesses of these disciplines and their ethical implications in the context of sustainable development problems. Such an analysis is necessary to determine whether sustainable development problems create important new challenges and problems for government so that, where appropriate, new tools or approaches may be designed to overcome limitations or take advantage of the strengths of current scientific, economic and legal capabilities. Audience: Environmental professionals, whether academic, governmental or industrial, or in the private consultancy sector. Also suitable as an upper level text or reference. |
| 650 ## - SUBJECT ADDED ENTRY--TOPICAL TERM | |
| Topical Term | Science |
| 700 ## - ADDED ENTRY--PERSONAL NAME | |
| Personal name | Brown, Donald A. |
| 942 ## - ADDED ENTRY ELEMENTS (KOHA) | |
| Koha item type | English Books |
| Withdrawn status | Lost status | Damaged status | Not for loan | Home library | Current library | Shelving location | Date acquired | Full call number | Accession Number | Price effective from | Koha item type |
|---|---|---|---|---|---|---|---|---|---|---|---|
| Anna Centenary Library | Anna Centenary Library | 4TH FLOOR, A WING | 02.03.2026 | 338.9 LEN | 208761 | 02.03.2026 | English Books |